| 000 | 00643cab a2200217 4500 | ||
|---|---|---|---|
| 001 | WB3305-38 | ||
| 008 | 090401t1997 xxu||||| |||| 00| 0 eng d | ||
| 035 | _a(Sirsi) u39345 | ||
| 041 | _aeng | ||
| 245 | _aColleys for sale | ||
| 260 | _c1997 | ||
| 350 | _a0 | ||
| 490 |
_aProperty Week _v58(4) 31 January 1997, 16(1) |
||
| 520 | _aThe Halifax is selling Colleys Professional Services in preparation for its flotation in June. | ||
| 650 | _aCOLLEYS PROFESSIONAL SERVICES | ||
| 650 | _aHALIFAX FLOTATION | ||
| 650 | _aSELL OFF | ||
| 690 | _aMANAGEMENT-BUSINESS MANAGEMENT-PROFESSIONAL PRACTICE | ||
| 942 | _n0 | ||
| 948 | _c04/03/1997 | ||
| 999 |
_c25260 _d25260 |
||